000 00981ngm a2200277 a 4500
003 BLK
005 20240529153252.0
007 mz cuaiu||uo|u|ac
008 180410b bul||n||s|||||||| mlbulo|
010 _aCDD00003196000
040 _aBLK
041 _aBUL
_cBUL
080 _aКомедии
_b791.221.2
_z791.221.2
139 _aАло, ало! [видео DVD]
_bА 56
245 1 0 _aАло, ало! [видео DVD]
_bЕпизод 1 - 2
_cпродуцент, режисьор и сценарист Дейвид Крофт.
257 _aBGR
260 _aСофия
_bМултивижън
_c2008
300 _a62 мин.
_bцв. форм.
_c12 см
380 _a7
490 _aЛюбими комедийни филми
_v1
590 _aS.N: 84900 от КНИГИ
700 _91347
_aКрофт, Дейвид
_eрежисьор и сценарист
852 _aЦб CD 4913
_p0
942 _cCDD
_n0
_s1
944 _aCR
_c19.08.2008
_k30540
_lСевдалина Тодорова
999 _c220726
_d220726